[Event "World Rapid 2022"]
[Site "Almaty KAZ"]
[Date "2022.12.27"]
[Round "6.52"]
[White "Ghaem Maghami, Ehsan"]
[Black "Khusenkhojaev, Mustafokhuja"]
[Result "1/2-1/2"]
[WhiteTitle "GM"]
[WhiteElo "2490"]
[BlackElo "2265"]
[WhiteFideId "12500739"]
[BlackFideId "14700727"]
[EventDate "2022.12.26"]

1. d4 Nf6 2. c4 g6 3. g3 c6 4. Bg2 d5 5. Nf3 Bg7 6. Qb3 O-O 7. O-O Qb6 8. Nc3
Rd8 9. e3 Bf5 10. Qxb6 axb6 11. cxd5 cxd5 12. Bd2 Nc6 13. Rfc1 Ne4 14. Be1 e5
15. Nb5 exd4 16. Nfxd4 Nxd4 17. Nxd4 Bxd4 18. exd4 Ra4 19. Rc7 Rb8 20. g4 Be6
21. f3 Nd6 22. Bg3 Nb5 23. Re7 Rba8 24. Rxb7 Nxd4 25. Be5 Nc2 26. Rc1 Ne3 27.
Rxb6 Rxa2 28. Bd4 Nxg2 29. Kxg2 R2a4 30. b4 Ra2+ 31. Kg3 Rd2 32. Bf6 d4 33. Rd6
d3 34. Rc3 Rb8 35. Rcxd3 Rxd3 36. Rxd3 Bc4 37. Rd7 Bb5 38. Rc7 Kf8 39. Kf4 Ke8
40. Kg5 Bd7 41. Rc4 h5 42. Re4+ Be6 43. h3 Rb5+ 44. Kh6 hxg4 45. fxg4 Kd7 46. h4
Rb6 47. Kg7 Rb5 48. Be5 Kc6 49. h5 gxh5 50. gxh5 Kd5 51. Re2 Rxb4 52. h6 Rg4+
53. Kf8 Bf5 54. Bf6 Bg6 55. Rh2 Ke6 56. Bb2 Rb4 57. Re2+ Re4 58. Rh2 Rb4 59. Kg7
Rg4 60. h7 Bxh7+ 61. Kxh7 f5 62. Re2+ Re4 63. Rc2 Rg4 64. Kh6 f4 65. Kh5 Rg1 66.
Re2+ Kd5 67. Re5+ Kd6 68. Rf5 Rf1 69. Kg4 Ke6 70. Re5+ Kd6 71. Ra5 f3 72. Bd4
Ke6 73. Kg3 Rd1 74. Be3 Rd5 75. Ra6+ Rd6 76. Ra4 Rd3 77. Kxf3 Kd5 78. Ra5+ Ke6
79. Ke4 Rd6 80. Rh5 Rc6 81. Bc5 Kf7 82. Bd4 Ke6 83. Rg5 Rd6 84. Rg7 Rc6 85. Rh7
Rd6 86. Bc5 Rc6 87. Kd4 Kf5 88. Kd5 Ra6 89. Rh8 Kf4 90. Rf8+ Kg5 91. Ke5 Ra5 92.
Rg8+ Kh5 93. Kd5 Kh6 94. Rc8 Kg5 95. Ke4 Kf6 96. Rc6+ Kf7 97. Kf5 Ra1 98. Rc7+
Ke8 99. Bd6 Re1 100. Be5 Kd8 101. Ra7 Rh1 102. Ke6 Rh6+ 103. Bf6+ Kc8 104. Rf7
Rh1 105. Kd5 Rd1+ 106. Bd4 Kd8 107. Rh7 Rd2 108. Ke5 Rd1 109. Ra7 Kc8 110. Ra4
Kb7 111. Kd6 Rb1 112. Ra7+ Kb8 113. Rd7 Rd1 114. Kc6 Kc8 115. Rd6 Rd2 116. Rd5
Rd1 117. Ra5 Kd8 118. Bc5 Ke8 119. Ra7 Rd2 120. Re7+ Kd8 121. Re1 Kc8 122. Ra1
Rb2 123. Ra8+ Rb8 124. Ra7 Rb1 125. Be3 Kd8 126. Bc5 Ke8 127. Re7+ Kd8 128. Re2
Rc1 129. Rd2+ Kc8 130. Ra2 Rb1 131. Ra7 Rb2 132. Rc7+ Kd8 133. Rf7 Re2 134. Rf3
Re1 135. Rf2 Re6+ 136. Bd6 Re1 137. Rf5 Rc1+ 138. Bc5 Re1 139. Rf6 Re2 140. Rf7
Re1 141. Rf2 Re6+ 142. Bd6 Re1 143. Ra2 Ke8 144. Kd5 Kd7 145. Ra7+ Kc8 146. Bf4
Rd1+ 147. Kc6 Kd8 148. Bd6 Rc1+ 149. Bc5 Ke8 150. Re7+ Kd8 151. Re2 Rd1 152. Ra2
Ke8 153. Rf2 1/2-1/2

[Event "World Rapid 2022"]
[Site "Almaty KAZ"]
[Date "2022.12.27"]
[Round "6.53"]
[White "Adhiban, Baskaran"]
[Black "Nogerbek, Kazybek"]
[Result "1/2-1/2"]
[WhiteTitle "GM"]
[BlackTitle "IM"]
[WhiteElo "2611"]
[BlackElo "2468"]
[WhiteFideId "5018471"]
[BlackFideId "13710427"]
[EventDate "2022.12.26"]

1. d4 Nf6 2. c4 e6 3. Nf3 d5 4. g3 Be7 5. Bg2 O-O 6. O-O dxc4 7. Nc3 c5 8. dxc5
Qa5 9. Qd4 Nc6 10. Qxc4 Qxc5 11. Qxc5 Bxc5 12. Bg5 Bd7 13. Rac1 Be7 14. Rfd1
Rfd8 15. h3 Be8 16. g4 a6 17. Be3 h6 18. Nd4 Rac8 19. Nxc6 Rxd1+ 20. Nxd1 Bxc6
21. Bxc6 bxc6 22. Nc3 Bb4 23. Na4 Nd5 24. Nb6 Rc7 25. Nxd5 exd5 26. Bc5 Bxc5 27.
Rxc5 Kf8 28. b4 Ke7 29. Ra5 Ra7 30. Kg2 Kd6 31. Kf3 Kc7 32. e4 dxe4+ 33. Kxe4
Kb6 34. f4 Rd7 35. h4 Rd2 36. h5 c5 37. Rxc5 Rxa2 38. g5 Rb2 39. Rf5 Rxb4+ 40.
Kf3 a5 41. Rxf7 a4 42. Rxg7 a3 43. Rg8 Ka7 44. Rg7+ Kb6 45. Rg6+ Ka7 46. Rg7+
Kb6 47. Rg8 Ka7 48. Rg7+ Kb6 49. Rg8 Ka7 1/2-1/2

[Event "World Rapid 2022"]
[Site "Almaty KAZ"]
[Date "2022.12.27"]
[Round "6.54"]
[White "Kobalia, Mikhail"]
[Black "Munkhdalai, Amilal"]
[Result "1-0"]
[WhiteTitle "GM"]
[BlackTitle "FM"]
[WhiteElo "2577"]
[BlackElo "2142"]
[WhiteFideId "4119150"]
[BlackFideId "4903250"]
[EventDate "2022.12.26"]

1. e4 c5 2. Nf3 Nc6 3. Bb5 e6 4. O-O Nge7 5. Re1 a6 6. Bf1 d5 7. d3 dxe4 8. dxe4
Qxd1 9. Rxd1 Ng6 10. a4 Bd7 11. Na3 Rb8 12. Nc4 b5 13. axb5 axb5 14. Nd6+ Bxd6
15. Rxd6 Ke7 16. Rd1 Rhc8 17. Be3 c4 18. b3 Ke8 19. bxc4 bxc4 20. c3 Rb3 21. Nd2
Rxc3 22. Nxc4 Rd8 23. Bb6 Rb8 24. Bc7 Rbb3 25. Nb6 Nb8 26. Ra8 Rxc7 27. Rxb8+
Ke7 28. Rxd7+ Rxd7 29. Nxd7 Rc3 30. Rb7 Kd6 31. g3 Ra3 32. e5+ Nxe5 33. Nxe5
Kxe5 1-0

[Event "World Rapid 2022"]
[Site "Almaty KAZ"]
[Date "2022.12.27"]
[Round "6.55"]
[White "Dragnev, Valentin"]
[Black "Fedorov, Alexei"]
[Result "1/2-1/2"]
[WhiteTitle "GM"]
[BlackTitle "GM"]
[WhiteElo "2556"]
[BlackElo "2475"]
[WhiteFideId "1634852"]
[BlackFideId "13500465"]
[EventDate "2022.12.26"]

1. e4 c5 2. Nc3 Nc6 3. Nge2 e5 4. Ng3 d6 5. Bc4 Be6 6. d3 Nf6 7. Bg5 Be7 8. Bxf6
Bxf6 9. Bxe6 fxe6 10. Qh5+ g6 11. Qg4 Qe7 12. h4 Rg8 13. O-O-O Nd4 14. h5 O-O-O
15. hxg6 Rxg6 16. Qh3 Bg5+ 17. Kb1 Rf8 18. f3 Kb8 19. Nce2 Bf4 20. c3 Nxe2 21.
Nxe2 Rh6 22. Qg4 Rg6 23. Qh3 Rh6 24. Qg4 1/2-1/2

[Event "World Rapid 2022"]
[Site "Almaty KAZ"]
[Date "2022.12.27"]
[Round "6.56"]
[White "Akhilbay, Imangali"]
[Black "Jumabayev, Rinat"]
[Result "0-1"]
[BlackTitle "GM"]
[WhiteElo "2140"]
[BlackElo "2609"]
[WhiteFideId "13734857"]
[BlackFideId "13702661"]
[EventDate "2022.12.26"]

1. d4 Nf6 2. Nc3 d5 3. Bf4 g6 4. e3 Bg7 5. h4 h5 6. Nf3 O-O 7. Ne5 c5 8. Qd2 Nc6
9. f3 Bf5 10. dxc5 Qa5 11. Bd3 Bxd3 12. Nxc6 bxc6 13. cxd3 Qxc5 14. d4 Qa5 15.
Ne4 Qxd2+ 16. Nxd2 Nd7 17. Rc1 Rfc8 18. Nb3 e5 19. dxe5 c5 20. Ke2 c4 21. Nd4
Nxe5 22. Bxe5 Bxe5 23. Rhd1 Rab8 24. b3 Rb6 25. Rc2 Bg3 26. Rdc1 Ra6 27. a4 Re8
28. bxc4 Rxa4 29. Kd3 dxc4+ 30. Rxc4 Ra3+ 31. R4c3 Rxc3+ 32. Rxc3 Bxh4 33. Ra3
Bf2 34. Ke2 Bg1 35. f4 Rb8 36. Ra2 Re8 37. Ra3 Kg7 38. Nf3 Bxe3 39. Rxe3 Rxe3+
40. Kxe3 Kf6 41. Ng5 a5 42. Ne4+ Ke6 43. Ng5+ Ke7 44. Kd3 f6 45. Nf3 Ke6 46. Nh4
g5 47. fxg5 fxg5 48. Nf3 Kf5 49. Ke3 a4 50. Nd4+ Kg4 51. Kf2 a3 52. Nc2 a2 53.
Na1 Kf4 54. Nb3 Ke4 55. Ke2 h4 56. Kd2 Kf4 57. Ke2 Kg3 58. Kf1 Kh2 59. Kf2 g4
60. Kf1 g3 0-1

[Event "World Rapid 2022"]
[Site "Almaty KAZ"]
[Date "2022.12.27"]
[Round "6.57"]
[White "Naiditsch, Arkadij"]
[Black "Suleymenov, Alisher"]
[Result "0-1"]
[WhiteTitle "GM"]
[BlackTitle "IM"]
[WhiteElo "2659"]
[BlackElo "2476"]
[WhiteFideId "4650891"]
[BlackFideId "13707833"]
[EventDate "2022.12.26"]

1. Nf3 Nf6 2. c4 g6 3. Nc3 Bg7 4. g3 O-O 5. Bg2 c5 6. d3 d5 7. cxd5 Nxd5 8. Bd2
Nc6 9. h4 Nf6 10. O-O Bg4 11. a3 a5 12. Rc1 Rc8 13. Re1 Re8 14. Na4 b6 15. Qb3
Bxf3 16. exf3 Nd7 17. f4 Nd4 18. Qa2 b5 19. Nc3 a4 20. Be3 Qb6 21. h5 e6 22. Ne4
Nb3 23. Rcd1 Nf6 24. hxg6 hxg6 25. Nd2 Nxd2 26. Bxd2 Red8 27. Bc3 Rd7 28. b3
axb3 29. Qxb3 Rcd8 30. Be5 c4 31. Qb2 Rxd3 32. Rxd3 Rxd3 33. Rb1 Rb3 34. Qc2
Rxb1+ 35. Qxb1 Ng4 36. Qb2 Bxe5 37. fxe5 c3 38. Qxc3 Qxf2+ 39. Kh1 Ne3 0-1

[Event "World Rapid 2022"]
[Site "Almaty KAZ"]
[Date "2022.12.27"]
[Round "6.58"]
[White "Makarian, Rudik"]
[Black "Jobava, Baadur"]
[Result "0-1"]
[WhiteTitle "IM"]
[BlackTitle "GM"]
[WhiteElo "2554"]
[BlackElo "2578"]
[WhiteFideId "44105681"]
[BlackFideId "13601520"]
[EventDate "2022.12.26"]

1. Nf3 d5 2. g3 c6 3. Bg2 Bg4 4. Ne5 Be6 5. d4 Nd7 6. O-O Ngf6 7. Nd3 Bf5 8. b3
e6 9. Bb2 h5 10. h3 Qc7 11. e3 Bd6 12. c4 Ne4 13. Nc3 Ndf6 14. Qe2 Ng5 15. c5
Bxg3 16. fxg3 Bxd3 17. Qxd3 Qxg3 18. Ne2 Nxh3+ 19. Kh1 Qh4 20. Bxh3 Qxh3+ 21.
Kg1 Rh6 22. Rf4 Ng4 23. Rf2 Nxf2 24. Kxf2 Qh4+ 0-1

[Event "World Rapid 2022"]
[Site "Almaty KAZ"]
[Date "2022.12.27"]
[Round "6.59"]
[White "Pranav, V"]
[Black "Sindarov, Javokhir"]
[Result "0-1"]
[WhiteTitle "GM"]
[BlackTitle "GM"]
[WhiteElo "2545"]
[BlackElo "2654"]
[WhiteFideId "25060783"]
[BlackFideId "14205483"]
[EventDate "2022.12.26"]

1. e4 c5 2. Nf3 g6 3. d4 cxd4 4. Qxd4 Nf6 5. e5 Nc6 6. Qa4 Nd5 7. Qe4 Nb6 8. Nc3
Bg7 9. Bf4 O-O 10. O-O-O Re8 11. h4 d5 12. Qe1 h5 13. Nd4 Qc7 14. Ncb5 Qb8 15.
Nf3 Bg4 16. Nbd4 f6 17. Bb5 Rc8 18. Nxc6 bxc6 19. Ba6 Rf8 20. Bg3 fxe5 21. Nxe5
Na4 22. b3 Qd6 23. Nc4 Qf6 24. Be5 Qxf2 25. Rd2 Bh6 26. bxa4 dxc4 27. Bxc4+ e6
28. Bc3 Qxe1+ 29. Rxe1 Rad8 30. Bd3 Rf2 31. g3 Bf5 32. Re2 Rf1+ 33. Kb2 Rb8+ 0-1

[Event "World Rapid 2022"]
[Site "Almaty KAZ"]
[Date "2022.12.27"]
[Round "6.60"]
[White "Adly, Ahmed"]
[Black "Muradli, Mahammad"]
[Result "0-1"]
[WhiteTitle "GM"]
[BlackTitle "GM"]
[WhiteElo "2596"]
[BlackElo "2540"]
[WhiteFideId "10601619"]
[BlackFideId "13409301"]
[EventDate "2022.12.26"]

1. d4 Nf6 2. Nf3 g6 3. Nc3 Bg7 4. e4 d6 5. Bg5 Bg4 6. h3 Bxf3 7. Qxf3 Nc6 8.
O-O-O Nd7 9. Qe3 h6 10. Bh4 Nxd4 11. f4 c5 12. Nd5 Nc6 13. e5 dxe5 14. fxe5 Bxe5
15. Bb5 Qa5 16. a4 e6 17. Nf6+ Bxf6 18. Rxd7 Bxh4 19. Qxc5 Qb6 20. Qxb6 axb6 21.
Rxb7 O-O 22. Bxc6 Rab8 23. Rd7 Rfd8 24. Rhd1 Rxd7 25. Rxd7 Kf8 26. c3 Rd8 27.
Rb7 Bf2 28. b4 Rc8 29. b5 Rd8 30. Kc2 Be3 31. Ra7 f5 32. c4 Rd2+ 33. Kc3 Ra2 34.
Kb3 Ra1 35. Rd7 Bc5 36. Ra7 e5 37. Bd5 e4 38. Rf7+ Ke8 39. Rf6 e3 40. Rxg6 Kd7
41. Bc6+ Ke7 42. Bd5 Kd7 43. Bf3 Ra3+ 44. Kb2 Rxa4 45. Rxh6 Rxc4 46. Rc6 Ke7 47.
Be2 Rd4 48. Kc3 Rd2 49. Bf3 Ra2 50. Kd3 Rd2+ 51. Kc3 Bd4+ 52. Kc4 Be5 53. Rxb6
e2 54. Bxe2 Rxe2 55. Kd5 Bg3 56. Rg6 Rxg2 57. b6 Kf7 58. Rg5 Kf6 59. Rg8 Rd2+
60. Kc6 Be5 61. b7 Rc2+ 62. Kd5 Rd2+ 63. Kc6 Rb2 64. Rf8+ Ke6 65. Re8+ Kf6 66.
h4 Bf4 67. h5 Kg5 68. Rf8 Rc2+ 69. Kd5 Rb2 70. Kc6 Rh2 71. b8=Q Bxb8 72. Rxb8
Rxh5 73. Kd5 Rh1 74. Kd4 Re1 75. Kd3 Kg4 76. Kd2 Re7 0-1

[Event "World Rapid 2022"]
[Site "Almaty KAZ"]
[Date "2022.12.27"]
[Round "6.61"]
[White "Zhalmakhanov, Ramazan"]
[Black "Harsha, Bharathakoti"]
[Result "0-1"]
[WhiteTitle "IM"]
[BlackTitle "GM"]
[WhiteElo "2401"]
[BlackElo "2593"]
[WhiteFideId "13706357"]
[BlackFideId "5078776"]
[EventDate "2022.12.26"]

1. e4 g6 2. d4 Bg7 3. Nc3 d6 4. Be3 a6 5. Qd2 b5 6. f3 Nf6 7. h4 h5 8. O-O-O b4
9. Nce2 a5 10. Nf4 c6 11. Ngh3 Bxh3 12. Nxh3 Nbd7 13. Ng5 Qc7 14. f4 Ng4 15. e5
e6 16. Be2 Nh6 17. Ne4 Bf8 18. exd6 Bxd6 19. Kb1 Be7 20. Ng5 Nf6 21. Bd3 a4 22.
Qe2 Nd5 23. Bd2 Nf5 24. Bxf5 exf5 25. Qe5 Qxe5 26. fxe5 Bxg5 27. hxg5 Kd7 28. c4
bxc3 29. bxc3 Nb6 30. Kc2 Nc4 31. Bc1 Ke6 32. Kd3 Kd5 33. Rdf1 Rab8 34. Kc2 Rhe8
35. Rf2 Rb7 36. Kd3 Rb1 37. Rhf1 Reb8 38. Re1 Ra1 39. Rfe2 Rbb1 40. Kc2 Na3+ 41.
Kd2 Rxa2+ 42. Kd3 Rxe2 43. Kxe2 Nc4 44. Kd3 a3 0-1

[Event "World Rapid 2022"]
[Site "Almaty KAZ"]
[Date "2022.12.27"]
[Round "6.62"]
[White "Uskov, Artem"]
[Black "Riazantsev, Alexander"]
[Result "1-0"]
[WhiteTitle "FM"]
[BlackTitle "GM"]
[WhiteElo "2376"]
[BlackElo "2626"]
[WhiteFideId "34254854"]
[BlackFideId "4125029"]
[EventDate "2022.12.26"]

1. e4 c6 2. Nc3 d5 3. Nf3 Bg4 4. h3 Bxf3 5. Qxf3 e6 6. g3 Bc5 7. Bg2 Ne7 8. O-O
O-O 9. Ne2 d4 10. h4 Nd7 11. Nf4 Ne5 12. Qh5 Bd6 13. d3 c5 14. Nh3 Nd7 15. f4 e5
16. Qe2 Rc8 17. f5 f6 18. g4 c4 19. g5 Qe8 20. h5 Kh8 21. Kh1 cxd3 22. cxd3 Ng8
23. Bf3 fxg5 24. Nxg5 Nc5 25. b4 Na4 26. Ne6 Bxb4 27. h6 gxh6 28. Qh2 Bd6 29.
Bxh6 Nxh6 30. Qxh6 Qe7 31. Nxf8 Qxf8 32. Qh2 Nc5 33. Be2 Nd7 34. f6 Nxf6 35. Rf5
Be7 36. Raf1 Rc6 37. Qxe5 Qh6+ 38. Bh5 Qe3 39. Rxf6 Qh3+ 40. Kg1 Bxf6 1-0

[Event "World Rapid 2022"]
[Site "Almaty KAZ"]
[Date "2022.12.27"]
[Round "6.63"]
[White "Tari, Aryan"]
[Black "Utegaliyev, Azamat"]
[Result "1/2-1/2"]
[WhiteTitle "GM"]
[WhiteElo "2659"]
[BlackElo "2445"]
[WhiteFideId "1510045"]
[BlackFideId "13702467"]
[EventDate "2022.12.26"]

1. e4 c5 2. Nf3 Nf6 3. e5 Nd5 4. g3 g6 5. Bg2 Bg7 6. O-O Nc6 7. Re1 O-O 8. d4
cxd4 9. Nxd4 Nc7 10. Nxc6 dxc6 11. Qe2 Ne6 12. c3 a5 13. Nd2 Nc5 14. Nc4 Nd3 15.
Rd1 Nxc1 16. Raxc1 Qc7 17. a4 Be6 18. f4 Rad8 19. b4 Rxd1+ 20. Rxd1 axb4 21.
cxb4 Rd8 22. Rxd8+ Qxd8 23. Qd2 Qxd2 24. Nxd2 f6 25. exf6 Bxf6 26. Ne4 Bd4+ 27.
Kf1 Bc4+ 28. Ke1 Bd5 29. Ke2 Bxe4 30. Bxe4 Bc3 31. b5 cxb5 32. axb5 b6 33. Kd3
Bb4 34. Bd5+ Kg7 35. Ke4 Kf6 36. g4 h6 37. h4 g5 38. fxg5+ hxg5 39. h5 Kg7 40.
Kf5 Kh6 41. Be6 Bc5 42. Ke4 Bd6 43. Kd5 Bc5 44. Kc6 Be3 45. Kc7 Bc5 46. Kd7 Bd6
47. Bd5 Bc5 48. Ke6 Bd6 1/2-1/2

[Event "World Rapid 2022"]
[Site "Almaty KAZ"]
[Date "2022.12.27"]
[Round "6.64"]
[White "Gharibyan, Mamikon"]
[Black "Pantsulaia, Levan"]
[Result "1/2-1/2"]
[WhiteTitle "IM"]
[BlackTitle "GM"]
[WhiteElo "2480"]
[BlackElo "2597"]
[WhiteFideId "13308300"]
[BlackFideId "13602071"]
[EventDate "2022.12.26"]

1. d4 d5 2. c4 e5 3. dxe5 Ne7 4. a3 Nbc6 5. cxd5 Qxd5 6. Qxd5 Nxd5 7. e4 Nb6 8.
Bb5 Bd7 9. Bxc6 Bxc6 10. Nc3 O-O-O 11. Nf3 h6 12. O-O g5 13. h4 g4 14. Nh2 Rg8
15. Bf4 Bc5 16. Ne2 Bxe4 17. Rac1 Nd7 18. b4 Bb6 19. Ng3 Bh7 20. Rfe1 Rde8 21.
Nhf1 Re6 22. Ne3 Nxe5 23. Nef5 Bxf5 24. Nxf5 f6 25. Nxh6 Rh8 26. Nf5 Rh7 27. Bg3
Kd7 28. Rcd1+ Ke8 29. Re4 Kf7 30. Bxe5 Rxe5 31. Rxg4 Bxf2+ 32. Kh2 Rh5 33. Rg7+
Ke6 34. g4 Rxh4+ 35. Nxh4 Bxh4 36. Rdd7 f5 37. gxf5+ Rxf5 38. Rxc7 Bf6 39. Rg6
Rf3 40. Rxb7 Rxa3 41. Rb5 Kf7 42. Rg3 Ra2+ 43. Rg2 Ra3 44. Re2 Bd4 45. Kg2 Kf6
46. Rb8 Rb3 47. b5 Kf5 48. Rf8+ Kg5 49. Re4 Bb6 50. Re5+ Kg4 51. Re4+ Kg5 52.
Re7 Rb2+ 53. Kg3 Rb3+ 54. Kg2 Rb2+ 55. Kf1 Rxb5 56. Rg7+ Kh6 57. Rfg8 Bd4 58.
Rg3 Rf5+ 59. Ke2 Bf6 60. Rh3+ Rh5 61. Ra3 a5 62. Rf3 Bg7 63. Ra8 Re5+ 64. Kd3
Rg5 65. Rh3+ Kg6 66. Ra6+ Bf6 67. Rf3 Rf5 68. Rg3+ Rg5 69. Rxg5+ Kxg5 70. Rxa5+
Kf4 71. Ra8 Ke5 72. Re8+ Kd5 73. Rf8 Ke5 74. Rxf6 Kxf6 1/2-1/2

[Event "World Rapid 2022"]
[Site "Almaty KAZ"]
[Date "2022.12.27"]
[Round "6.65"]
[White "Ansat, Aldiyar"]
[Black "Christiansen, Johan-Sebastian"]
[Result "1-0"]
[WhiteTitle "IM"]
[BlackTitle "GM"]
[WhiteElo "2291"]
[BlackElo "2578"]
[WhiteFideId "13715658"]
[BlackFideId "1512668"]
[EventDate "2022.12.26"]

1. e4 e5 2. Nf3 Nc6 3. Bb5 a6 4. Ba4 d6 5. O-O Bd7 6. c3 Nge7 7. d4 Ng6 8. Re1
Be7 9. Be3 O-O 10. Bc2 Re8 11. Nbd2 exd4 12. cxd4 Nb4 13. Bb1 d5 14. a3 dxe4 15.
Bxe4 Nc6 16. Rc1 Bf6 17. Qc2 Rb8 18. b4 Nf8 19. d5 Ne5 20. Qxc7 Nxf3+ 21. Bxf3
Bb2 22. Qxd8 Rbxd8 23. Rc7 Bxa3 24. Rb1 Rc8 25. d6 Bf5 26. Rb3 Bc1 27. Bxb7 Rb8
28. Bd5 Rxe3 29. Rxe3 Bxd2 30. Bxf7+ Kh8 31. Re8 Rxe8 32. Bxe8 Bxb4 33. Rf7 Bxd6
34. Rxf5 Bb4 35. Rf7 a5 36. Ra7 g5 37. Bb5 Ng6 38. Bd3 Ne7 39. g3 Kg7 40. Ra6
Nd5 41. Kg2 Nc3 42. Bc2 Nb5 43. f4 gxf4 44. gxf4 Bc3 45. Kg3 Nd4 46. Bd3 Bd2 47.
Kg4 h5+ 48. Kg5 Kf7 49. h3 Ne6+ 50. Kf5 Nxf4 51. Ra7+ Ke8 52. Bb5+ Kf8 53. h4
Ng2 54. Kg6 Nxh4+ 55. Kxh5 Nf5 56. Kg6 Nd6 57. Ba4 Bc3 58. Kg5 Kg8 59. Rd7 Be5
60. Kg6 Kf8 61. Ra7 Bc3 62. Bc6 Nc4 63. Kf5 Ne5 64. Bd5 Nd3 65. Rc7 Bb2 66. Rb7
Ba1 67. Rh7 Bb2 68. Bc6 Ne5 69. Bb5 Nf3 70. Ba4 Nd4+ 71. Kg6 Ba1 72. Rf7+ Kg8
73. Rf6 Bc3 74. Rf4 Bb2 75. Re4 1-0

[Event "World Rapid 2022"]
[Site "Almaty KAZ"]
[Date "2022.12.27"]
[Round "6.66"]
[White "Asadli, Vugar"]
[Black "Gadimbayli, Abdulla"]
[Result "1-0"]
[WhiteTitle "GM"]
[BlackTitle "GM"]
[WhiteElo "2567"]
[BlackElo "2524"]
[WhiteFideId "13405764"]
[BlackFideId "13404938"]
[EventDate "2022.12.26"]

1. d4 d5 2. Nf3 Nf6 3. c3 h6 4. Bf4 Bf5 5. Qb3 Qc8 6. c4 e6 7. Nc3 c6 8. cxd5
exd5 9. Rc1 Qd7 10. h3 Qe7 11. a3 g5 12. Be5 Bg7 13. g4 Be6 14. e3 O-O 15. Bd3
Re8 16. Ke2 b6 17. Qc2 Nbd7 18. Bf5 c5 19. h4 Nxe5 20. dxe5 Nd7 21. hxg5 hxg5
22. Rh5 Nxe5 23. Nxe5 Bxf5 24. Qxf5 Qxe5 25. Nxd5 Kf8 26. Nc3 Qxf5 27. gxf5 Bxc3
28. bxc3 Ke7 29. Rxg5 Kf6 30. f4 Re4 31. Rh1 Rae8 32. Rh6+ Ke7 33. Rg7 Rxe3+ 34.
Kxe3 Kf8+ 35. Re6 fxe6 36. f6 e5 37. f5 e4 38. Rxa7 Re5 39. Kf4 e3 40. Re7 Rd5
41. Rxe3 Rd1 42. Re6 Rd3 43. Rxb6 Rxc3 44. Ra6 c4 45. Ke4 Rc1 46. Kd4 Kf7 47. a4
Rc2 48. Kc5 Rf2 49. Kxc4 Rf4+ 50. Kb3 Rf3+ 51. Kc2 Rf2+ 52. Kd3 Rxf5 53. a5 Rh5
54. Kc4 Rg5 55. Kb4 Rg4+ 56. Kb5 Rg5+ 57. Kb6 Kxf6 58. Ra8 Ke7 59. a6 Rg2 60. a7
Rb2+ 61. Kc5 Rc2+ 62. Kd4 1-0

[Event "World Rapid 2022"]
[Site "Almaty KAZ"]
[Date "2022.12.27"]
[Round "6.67"]
[White "Tologon tegin, Semetei"]
[Black "Nesterov, Arseniy"]
[Result "1/2-1/2"]
[WhiteTitle "IM"]
[BlackTitle "GM"]
[WhiteElo "2394"]
[BlackElo "2573"]
[WhiteFideId "13800574"]
[BlackFideId "24198455"]
[EventDate "2022.12.26"]

1. e4 e5 2. Nc3 Nf6 3. f4 d5 4. fxe5 Nxe4 5. Nf3 Bc5 6. d4 Bb4 7. Bd2 c5 8. Bd3
Nxd2 9. Qxd2 cxd4 10. Bb5+ Bd7 11. Bxd7+ Qxd7 12. Nxd4 Nc6 13. O-O-O O-O 14. Nf3
Bxc3 15. Qxc3 Rac8 16. Rd2 Qf5 17. Kb1 Rfd8 18. Re1 h6 19. a3 Qe6 20. Red1 d4
21. Nxd4 Nxd4 22. Rxd4 Rxc3 23. Rxd8+ Kh7 24. bxc3 Qxe5 25. g3 Qxc3 26. R8d3 Qc6
27. h4 a5 28. Rf1 f6 29. Rf4 g5 30. Rfd4 Kg6 31. hxg5 hxg5 32. Rd6 Qc5 33. R6d5
Qf2 34. Rb5 b6 35. Rdb3 a4 36. Rd3 f5 37. Rb4 f4 38. gxf4 gxf4 39. Rxa4 Qe1+ 40.
Kb2 Qe5+ 41. Ka2 Qe6+ 42. Kb1 Qe1+ 43. Kb2 Qe5+ 44. Ka2 Qe2 45. Kb2 f3 46. Rb4
Qe5+ 47. Ka2 Qe6+ 48. Rdb3 Qe2 49. Rxb6+ Kg5 50. R6b5+ Kf4 51. R5b4+ Ke5 52.
Rb5+ Kd6 53. Rb6+ Kc5 54. Rf6 f2 55. Rbf3 Qxc2+ 56. Ka1 Qc1+ 57. Ka2 Qc2+ 1/2-1/2

[Event "World Rapid 2022"]
[Site "Almaty KAZ"]
[Date "2022.12.27"]
[Round "6.68"]
[White "Ivic, Velimir"]
[Black "Mamatov, Melis"]
[Result "1-0"]
[WhiteTitle "GM"]
[BlackTitle "FM"]
[WhiteElo "2572"]
[BlackElo "2399"]
[WhiteFideId "950122"]
[BlackFideId "13800027"]
[EventDate "2022.12.26"]

1. d4 d5 2. c4 c6 3. Nf3 Nf6 4. e3 Bf5 5. Nc3 e6 6. Nh4 dxc4 7. Bxc4 Bg6 8. Nxg6
hxg6 9. Bd2 Nbd7 10. Qc2 Nb6 11. Be2 Nbd5 12. a3 Nxc3 13. bxc3 Qc7 14. g3 Be7
15. a4 O-O 16. O-O c5 17. Qb2 Rab8 18. Rfd1 e5 19. Be1 cxd4 20. cxd4 exd4 21.
Qxd4 Bc5 22. Qc4 b6 23. Bc3 Qe7 24. Kg2 Qe4+ 25. Qxe4 Nxe4 26. Bb2 Rbd8 27. Bd3
Nf6 28. Bb5 Nd5 29. Kf3 Nc7 30. Bc4 Ne6 31. h4 Rxd1 32. Rxd1 Rd8 33. Rxd8+ Nxd8
34. g4 Kf8 35. g5 Nb7 36. Kg4 Be7 37. Be5 Bd6 38. Bd4 Bc5 39. Bc3 Be7 40. Bb5
Nd6 41. Bd3 Nb7 42. e4 Nc5 43. Bc2 Bd6 44. f4 Nd7 45. e5 Ba3 46. e6 Nc5 47.
Bxg7+ Ke7 48. exf7 Kxf7 49. Be5 Nd7 50. Bc3 Bd6 51. f5 Ne5+ 52. Bxe5 Bxe5 53.
fxg6+ Kg7 54. h5 a6 55. h6+ 1-0

[Event "World Rapid 2022"]
[Site "Almaty KAZ"]
[Date "2022.12.27"]
[Round "6.69"]
[White "Kadric, Denis"]
[Black "Korelskiy, Egor"]
[Result "1-0"]
[WhiteTitle "GM"]
[BlackTitle "FM"]
[WhiteElo "2584"]
[BlackElo "2153"]
[WhiteFideId "14403803"]
[BlackFideId "34329064"]
[EventDate "2022.12.26"]

1. e4 c5 2. Nf3 e6 3. c3 d5 4. e5 Nc6 5. d4 Qb6 6. Na3 cxd4 7. cxd4 Bd7 8. Nc2
Rc8 9. Bd2 Nb4 10. Nxb4 Bxb4 11. Bxb4 Qxb4+ 12. Qd2 Qb6 13. a4 Ne7 14. a5 Qd8
15. Bd3 h6 16. O-O Nc6 17. Ra3 a6 18. h4 Na7 19. Re1 Bb5 20. Bb1 Nc6 21. h5 Qe7
22. Rc3 Kd7 23. Rec1 Rhd8 24. Rc5 Bc4 25. b4 Ke8 26. Bc2 Bb5 27. Bb3 Na7 28. g4
Rxc5 29. Rxc5 Rc8 30. g5 hxg5 31. Nxg5 Rxc5 32. dxc5 Nc6 33. f4 f6 34. Nf3 fxe5
35. fxe5 Qf7 36. Bd1 Qxh5 37. Ng5 Qh4 38. Kg2 Nxe5 39. Qe3 Qc4 40. Bh5+ g6 41.
Bxg6+ Ke7 42. Qxe5 Qg4+ 43. Qg3 Qxg3+ 44. Kxg3 Kf6 45. Nxe6 Kxe6 46. Kf4 Bc6 47.
Bh7 Kf6 48. Bf5 Bb5 49. Bh3 Be8 50. Bg4 Bb5 51. Bf5 Be8 52. Bh7 Bb5 53. Bf5 Be8
54. Bc2 Bb5 55. Bb3 Bc6 56. Ba2 Ke6 57. Bb1 Kf6 58. Bd3 Bd7 59. Be2 Be8 60. Bg4
Bb5 61. Bf3 Bc6 62. Bg2 Ke6 63. Bh3+ Kf6 64. Bc8 d4 65. Bf5 Bd5 66. Bh7 Ke7 67.
Ke5 Bf7 68. b5 Kd7 69. Bf5+ Kc7 70. b6+ Kb8 71. Kxd4 Be8 72. Ke5 Ba4 73. Kd6 Bc6
74. Be6 Ka8 75. Kc7 Bh1 76. Bd7 Bg2 77. c6 Bh1 78. cxb7+ Bxb7 79. Be6 Bh1 80.
Bc8 Bg2 81. Bxa6 Bf3 82. Bc8 Be4 83. a6 1-0